Die teuersten Fußballtransfers - Geboren 1992 - Statistiken

Allgemein
  • Dieses Quiz wurde 67 mal gespielt
  • Das Durchschnittsergebnis liegt bei 9 aus 10
Antwortstatistiken
Ablöse (M €) Saison Nationalität Abgebender Verein Aufnehmender Verein Spieler % Korrekt
222,00 2017-2018 Brasilien FC Barcelona Paris SG Neymar
100%
90,00 2023-2024 Brasilien Paris SG Al-Hilal Neymar
100%
88,00 2013-2014 Brasilien FC Santos FC Barcelona Neymar
100%
42,00 2017-2018 Ägypten AS Rom FC Liverpool Mohamed Salah
93%
45,00 2016-2017 Schweiz Borussia Mönchengladbach FC Arsenal Granit Xhaka
91%
70,65 2022-2023 Brasilien Real Madrid Manchester United Casemiro
88%
135,00 2017-2018 Brasilien FC Liverpool FC Barcelona Philippe Coutinho
86%
45,00 2023-2024 Italien Paris SG Al-Arabi SC Marco Verratti
84%
62,50 2018-2019 Brasilien AS Rom FC Liverpool Alisson
76%
66,00 2017-2018 Spanien Real Madrid FC Chelsea Álvaro Morata
52%
Keine übereinstimmenden Quizze gefunden
Verteilung der Resultate
Anzahl Personen mit jedem Resultat
Perzentil nach korrekt beantworteten Fragen
Ihre Resultats-Entwicklung
Sie haben dieses Quiz noch nicht gespielt